2010s Movies by Scene - Picture Quiz - Statistics

General Stats
  • This quiz has been taken 3,588 times
  • The average score is 11 of 18
Answer Stats
Answer % Correct
La La Land
90%
Jumanji
88%
Life of Pi
83%
John Wick
77%
Big Hero 6
76%
The Hobbit
74%
Pitch Perfect
67%
Joker
59%
Skyfall
59%
Django Unchained
54%
Interstellar
53%
The Purge
53%
Lincoln
52%
Bohemian Rhapsody
49%
Crazy Rich Asians
48%
World War Z
46%
Parasite
40%
The Artist
27%
No matching quizzes found
Score Distribution
Percent of People with Each Score
Percentile by Number Answered
Your Score History
You have not taken this quiz